000 00301nam a2200121Ia 4500
005 20260328104246.0
008 260328s9999||||xx |||||||||||||| ||und||
100 _aĐokić, Vladan
245 0 _aSerbian Architectural Journal /
_cVladan Đokić
260 _bSaj
650 _aARQUITECTURA
942 _cBK
999 _c10062
_d10062